Capitali del mondo più vicine a Muscat - Statistics

Statistiche generali
  • Questo quiz è stato fatto 27 volte
  • Il punteggio medio è 15 su 20
Statistiche sulle risposte
km capitale % Corretto
719 Doha
92%
1191 Riyād
92%
1747 Sana'a
92%
1740 Baghdad
88%
1503 Teheran
88%
418 Abu Dhabi
84%
1816 Islamabad
84%
1217 Kuwait
84%
840 Manama
84%
1954 Nuova Delhi
80%
2098 Gibuti
76%
1602 Kabul
76%
2392 Amman
68%
2030 Baku
68%
2257 Erevan
68%
2233 Asmara
64%
2374 Tbilisi
64%
1595 Ashgabat
52%
2210 Tashkent
48%
1927 Dušanbe
44%
Nessun quiz corrispondente trovato
Distribuzione punteggi
Percentuale di utenti per punteggio
Percentile per numero di risposta
I tuoi punteggi nel tempo
Non hai fatto questo quiz